Statistics for Cities in the US with over 500K people

Click here to take the quiz!

General Stats

  • This quiz has been taken 18 times
  • The average score is 30 of 37

Answer Stats

HintAnswer% Correct
974,447Austin
100%
2,665,039Chicago
100%
3,822,238Los Angeles
100%
621,056Memphis
100%
8,335,897New York City
100%
1,567,258Philadelphia
100%
1,472,909San Antonio
100%
1,381,162San Diego
100%
808,437San Francisco
100%
650,706Boston
94%
2,302,878Houston
94%
1,644,409Phoenix
94%
1,299,544Dallas
88%
956,709Fort Worth
88%
635,067Portland
88%
971,233San Jose
88%
749,256Seattle
88%
897,720Charlotte
82%
713,252Denver
82%
545,567Fresno
82%
880,621Indianapolis
82%
971,319Jacksonville
82%
656,274Las Vegas
82%
683,622Nashville
82%
671,803Washington D. C.
82%
907,971Columbus
76%
620,376Detroit
76%
677,456El Paso
76%
509,297Kansas City
76%
563,305Milwaukee
71%
694,800Oklahoma City
71%
528,001Sacramento
71%
569,931Baltimore
59%
561,008Albuquerque
53%
546,574Tucson
53%
624,444Louisville
47%
512,498Mesa
35%

Score Distribution

Percentile by Number Answered

Percent of People with Each Score

Your Score History

You have not taken this quiz